[Event "EU-ch 1st"]
[Site "Saint Vincent"]
[Date "2000.07.11"]
[Round "8"]
[White "Krasenkow, Michal"]
[Black "Vallejo Pons, Francisco"]
[Result "1/2-1/2"]
[WhiteElo "2702"]
[BlackElo "2554"]
[Annotator "Lutz,C"]
[PlyCount "91"]
[EventDate "2000.07.03"]
[EventType "swiss"]
[EventRounds "11"]
[EventCountry "ITA"]
[SourceTitle "CBM 078"]
[Source "ChessBase"]
[SourceDate "2000.10.18"]
[SourceVersion "1"]
[SourceVersionDate "2000.10.18"]
[SourceQuality "1"]

1. c4 c6 2. d4 d5 3. Nc3 Nf6 4. e3 e6 5. Nf3 Nbd7 6. Qc2 Bd6 7. g4 Bb4 8. Bd2 (
8. a3 {1/2-1/2 Krasenkow,M-Kuczynski,R/Plock 2000/CBM 78/[Lutz] (35)}) 8... Qe7
9. g5 (9. a3 $6 Bxc3 10. Bxc3 b6 $1 11. Bd3 Ba6 12. Qa4 dxc4 $1 13. Qxa6 cxd3
14. Qxd3 $6 O-O 15. g5 Nd5 16. Bd2 f5 $1 $17 {0-1 Gelfand,B-Kramnik,V/Berlin
1996/CBM 55/[Lutz] (28)}) 9... Bxc3 10. Bxc3 Ne4 11. Rg1 (11. Bd3 Nxc3 (11...
Nxg5 12. Nxg5 Qxg5 13. O-O-O Qe7 14. Rhg1 g6 15. e4 Nf6 16. f3 O-O 17. Qd2 b6
18. Qh6 Kh8 19. h4 a5 20. cxd5 cxd5 21. Rde1 Bb7 22. h5 Nxh5 23. Rh1 f6 24.
exd5 Qg7 25. Qxg7+ Kxg7 26. dxe6 Bxf3 27. Rh4 Rfe8 28. Bc4 Rad8 29. Rg1 Kh6 30.
d5 Rxd5 31. Bxd5 Bxd5 32. Bxf6 Rxe6 33. Bd4 Bxa2 34. Kd2 Rd6 35. Kc3 Be6 36.
Be3+ Kg7 37. Rxh5 Rc6+ 38. Kd2 Bb3 39. Bd4+ Kg8 40. Rb5 {1-0 Prusikin,
M-Pavasovic,D/Montecatini Terme 1997/CBM 61 ext (40)}) 12. Qxc3 dxc4 13. Bxc4
b6 14. O-O-O Bb7 15. e4 O-O 16. Rhe1 b5 17. Bf1 Rfd8 18. Kb1 a6 19. Qe3 c5 20.
Rd2 cxd4 21. Nxd4 Nc5 22. f3 g6 23. Rc1 e5 24. Nc6 Bxc6 25. Qxc5 Qxc5 26. Rxd8+
Rxd8 27. Rxc5 Rd1+ 28. Rc1 Rxc1+ 29. Kxc1 f6 30. gxf6 {1/2-1/2 Agrest,
E-Savchenko,S/Metz 1999/EXT 2000 (30)}) 11... b6 12. Bd3 Nxc3 13. Qxc3 dxc4 (
13... Bb7 $5 14. cxd5 exd5 15. Bf5 f6 16. g6 hxg6 17. Rxg6 Nf8 18. Rg3 c5 19.
dxc5 bxc5 20. O-O-O g6 21. Rdg1 Rd8 22. Bxg6+ Nxg6 23. Rxg6 d4 24. exd4 cxd4
25. Qb3 Qc5+ 26. Kd1 Bd5 27. Qd3 Rc8 28. Re1+ Kd8 {0-1 Novikov,M-Ivanov,S/St
Petersburg 1999/CBM 70 ext (28)}) 14. Be4 (14. Bxc4 Bb7 {/\ ...0-0, ...c6-c5})
14... Bb7 15. Qxc4 O-O 16. O-O-O f5 17. gxf6 Nxf6 18. Bc2 c5 19. d5 $6 {
Weiß will mit diesem Bauernopfer den Bb7 lahmlegen, aber mir erscheint das als
nicht genügend für Weiß.} Nxd5 $2 ({Warum nicht} 19... exd5 20. Qh4 Rae8 21.
Ng5 g6 {und guter Stellung für Schwarz ? Schwarz wird ...Ne4 folgen lassen,
wonach ich keine Kompensation für Weiß sehe.}) 20. Ng5 h6 21. Qd3 Nf6 22. Nh7 (
22. Nxe6 $5 Qxe6 23. Rxg7+ Kxg7 24. Qg6+ Kh8 25. Qxh6+ Kg8 26. Qg6+ Kh8 27.
Qh6+ $11 (27. Rg1 $2 Qe7 28. Rg3 Rf7)) 22... Rad8 23. Qg6 Rxd1+ 24. Rxd1 Rf7
25. Nxf6+ Rxf6 26. Qh7+ Kf7 27. Ba4 $5 (27. Rg1 $5 Qf8 28. Bg6+ Ke7 29. Bh5 $40
) 27... Bd5 28. e4 Rf4 $1 {Schwarz kann sich so gerade noch halten.} 29. exd5
Rxa4 30. Rg1 Qf6 31. dxe6+ Ke7 32. Rxg7+ Kd6 33. e7 Qf4+ 34. Kb1 Qe4+ 35. Qxe4
Rxe4 36. Kc2 Rxe7 37. Rxe7 Kxe7 38. Kd3 b5 39. Ke4 Ke6 40. f4 h5 41. f5+ Kf6
42. Kd5 c4 43. Kc5 Kxf5 44. Kxb5 Kg4 45. Kxc4 Kh3 46. b4 (46. b4 Kxh2 47. b5 h4
48. a4 h3 49. a5 Kg1 50. b6 $11) 1/2-1/2

[Event "EU-Cup 20th"]
[Site "Izmir"]
[Date "2004.10.07"]
[Round "5.3"]
[White "Aleksandrov, Aleksej"]
[Black "Bacrot, Etienne"]
[Result "1/2-1/2"]
[WhiteElo "2659"]
[BlackElo "2718"]
[Annotator "Lutz,C"]
[PlyCount "67"]
[EventDate "2004.10.03"]
[EventType "team-swiss"]
[EventRounds "7"]
[EventCountry "TUR"]
[SourceTitle "CBM 104"]
[Source "ChessBase"]
[SourceDate "2005.01.27"]
[SourceVersion "1"]
[SourceVersionDate "2005.01.27"]
[SourceQuality "1"]
[WhiteTeam "Ekaterinburg Max Ven"]
[BlackTeam "Paris NAO"]
[WhiteTeamCountry "RUS"]
[BlackTeamCountry "FRA"]

1. d4 d5 2. c4 c6 3. Nc3 Nf6 4. e3 a6 5. Qc2 e6 6. Nf3 c5 {Schwarz verliert
ein Tempo, um eine Isolanistellung ähnlich der Tarrasch-Verteidigung zu
erreichen. Weiß hat das Mehrtempo Qc2, aber es ist fraglich, ob die weiße Dame
auf c2 besser steht als auf d1.} 7. cxd5 exd5 8. Be2 Nc6 9. O-O Be6 10. Rd1 (
10. dxc5 Bxc5 11. b3 {erscheint zu langsam:} Rc8 12. Bb2 O-O 13. Rac1 Ba7 14.
Rfd1 Qe7 15. Qb1 Rfd8 16. Ng5 d4 17. Nxe6 Qxe6 18. Bc4 Qg4 19. exd4 {1/2-1/2
Gurevich,M-Morozevich,A/Moscow 2001/CBM 86 (19)}) 10... Nb4 {Mit diesem Zug
will Schwarz nachweisen, dass die weiße Dame sehr wenig Felder hat.
Überraschend ist, dass Schwarz sich dies erlauben kann, obwohl er in der
Entwicklung zurück liegt. Mir persönlich erscheint aber auch 10...cxd4
spielbar.} (10... cxd4 11. Nxd4 Rc8 $6 (11... Nxd4 $5) 12. Nxe6 fxe6 13. e4 d4
14. Qb3 Qd7 15. Na4 $6 (15. e5 $5) 15... Na5 16. Qb6 Nc4 17. Qxd4 Qxa4 18. b3
e5 19. Qd3 Qa5 20. bxc4 Bc5 $44 {1/2-1/2 Krasenkow,M-Bareev,E/Wijk aan Zee
2003/CBM 93/[Lutz] (36)}) 11. Qd2 (11. Qb1 $2 {0-1 Krasenkow,M-Sokolov,I/Izmir
2004/CBM 104/[Lutz] (36)}) 11... Ne4 12. Nxe4 dxe4 13. a3 (13. Ne5 Bd6 14. dxc5
Bxc5 $11) 13... exf3 14. Bxf3 Nc6 {Schwarz gibt die Figur umgehend wieder
zurück, was vermutlich der sicherste Weg ist.} (14... Nd5 {ist auch möglich,
aber Weiß erhält dann einige Bauern und die Initative für die Figur.} 15. dxc5
{stellen nur Zugumstellung dar.} (15. e4 Nc7 16. d5 Bd7 17. e5 Nb5 {sollte
nicht genügen für Weiß.}) 15... Nf6 (15... Ne7 16. Bxb7 Qxd2 17. Bxd2 Rb8 18.
c6 Bd5 19. Rac1 $16) (15... Nc7 16. Qb4 (16. Bxb7 Qxd2 17. Bxd2 Rb8 18. c6 $13)
16... Qb8 (16... Bd7 17. Qxb7 $36) 17. Bxb7 $36) 16. Bxb7 Qxd2 17. Bxd2 Rb8 18.
c6 $36) (14... Bb3 15. axb4 Bxd1 16. Qxd1 cxb4 (16... Be7 17. bxc5 Rb8 18. Qa4+
$16) 17. Bxb7 Ra7 18. Bc6+ $16) 15. d5 {oder} Ne5 16. dxe6 Nxf3+ 17. gxf3 fxe6
{In den drei bisherigen Partien zu dieser Stellung konnte Weiß keinen
greifbaren Vorteil nachweisen. Weiß hat einen kleinen Vorsprung in der
Entwicklung, aber sonst auch nichts.} 18. Qc2 (18. b3 Qxd2 19. Bxd2 Kd7 20.
Bc3+ Kc6 21. Ra2 Be7 22. Rad2 Rad8 23. Rxd8 Rxd8 24. Rxd8 Bxd8 25. Bxg7 c4 26.
bxc4 Kc5 27. f4 Kxc4 28. e4 Bc7 29. f5 exf5 30. exf5 Kd5 31. a4 b5 32. axb5
axb5 33. Bc3 Be5 34. Bd2 Ke4 35. Kf1 Kxf5 36. h3 Bf4 37. Bc3 Ke4 38. Ke2 Bd6
39. Bd2 Kd4 40. Be3+ Kc4 41. Bd2 Bb4 42. Bxb4 Kxb4 43. Kd3 Ka3 44. Kc2 b4 45.
Kb1 Kb3 46. h4 Kc3 47. h5 {1/2-1/2 Sadler,M-Hodgson,J/Hastings 1996/CBM 51 (47)
}) (18. Qxd8+ {1/2-1/2 Brynell,S-Rublevsky,S/Izmir 2004/CBM 104/[Lutz] (59)})
18... Qg5+ 19. Kf1 Rd8 20. Bd2 Be7 21. Bc3 Qg6 22. Qe4 Rxd1+ 23. Rxd1 Qxe4 24.
fxe4 Rg8 25. Ke2 g6 26. Be5 b5 27. h4 c4 28. Kf3 {Mir ist nicht klar, ob die
restlichen Zuege wirklich auf dem Brett geschahen oder ob es sich um einen
Übertragungsfehler handelt.} Kf7 (28... Bxh4 29. Rd6 Rf8+ 30. Kg4 Be7 31. Rxa6
Rxf2 32. Rxe6 $13) 29. Ke2 (29. Rd7 $142) 29... Ke8 (29... Rd8 $142 $15) 30. f4
Kf7 31. Kd2 (31. Rd7 $142 $36) 31... a5 (31... Rd8+ $142 $17) 32. Ke2 a4 (32...
Rd8 $142) 33. Kd2 Ke8 (33... Rd8+ $142) 34. Bc3 1/2-1/2

[Event "Olympiad-36"]
[Site "Mallorca"]
[Date "2004.10.20"]
[Round "6"]
[White "Shirov, Alexei"]
[Black "Fressinet, Laurent"]
[Result "1-0"]
[WhiteElo "2726"]
[BlackElo "2640"]
[Annotator "Lutz,C"]
[PlyCount "55"]
[EventDate "2004.10.15"]
[EventType "team-swiss"]
[EventRounds "14"]
[EventCountry "ESP"]
[SourceTitle "CBM 104"]
[Source "ChessBase"]
[SourceDate "2005.01.27"]
[SourceVersion "1"]
[SourceVersionDate "2005.01.27"]
[SourceQuality "1"]
[WhiteTeam "Spain"]
[BlackTeam "France"]
[WhiteTeamCountry "ESP"]
[BlackTeamCountry "FRA"]

1. d4 {Ramirez Alvarez} d5 2. c4 c6 3. Nc3 Nf6 4. Nf3 e6 5. e3 Nbd7 6. Qc2 Bd6
7. g4 {Ramirez Alvarez: 'The Shabalov-Shirov attack, everyone seems to be
playing this now...'} dxc4 8. Bxc4 e5 {Ramirez Alvarez: 'This is not what is
most commonly played, but it was supposed to give black a good game after 9.
g5 Nd5 etc. Shirov has a nice surprise in store!'} 9. Bd2 $5 {'!' Ramirez
Alvarez. Ramirez Alvarez: 'This very modest move turns out to be stronger then
it looks like. White is simply aiming for fast development, without pushing
blacks pieces to better squares, or caring about pawns.'  Dieser Zug ist
streng genommen keine Neuerung, da es bereits eine Vorgängerpartie gibt, aber
dennoch scheint dieser Zug eine wichtige Verstärkung für Weiß zu sein, denn in
den jüngsten Partien konnte Schwarz nach dem Normalzug 9.g5 gute Stellungen
erzielen. Weiß setzt auf direkte Entwicklung, der Nachteil ist aber natürlich,
dass der Pg4 hängt. Im folgenden stütze ich mich auf die Analysen von Alexei
Shirov in New In Chess 8/2004.} (9. g5 {1-0 Krasenkow,M-Volkmann,F/Mallorca
2004/CBM 104/[Lutz] (25)}) (9. h3 $6 O-O 10. Bd2 b5 11. Be2 b4 12. dxe5 Nxe5
13. Na4 Nxf3+ 14. Bxf3 Qe7 $17 {0-1 Kempinski,R-Lastin,A/Tripoli 2004/CBM 102/
[Lutz] (40)}) 9... exd4 {Ramirez Alvarez: 'Fressinet goes for it.'} (9... O-O {
Ramirez Alvarez} 10. O-O-O exd4 11. Nxd4 {Was also very dangerous for black.})
(9... b5 {Ramirez Alvarez} 10. Be2 $1 {And white should be better.}) 10. Nxd4
Ne5 (10... Nb6 {0-1 Harikrishna,P-Dreev,A/Mallorca 2004/CBM 104/[Lutz] (61)
Ramirez Alvarez: 'Is probably the best move, as was played by Dreev in this
same tournament against Harikrishna.'}) 11. Be2 Bxg4 {Schnappt sich den Bauern,
aber nun erhält Weiß das Feld f5 für seinen Springer.} (11... Nfxg4 {1/2-1/2
Gelfand,B-Dominguez,L/Mallorca 2004/CBM 104/[Lutz] (29)}) 12. f4 {'!' Ramirez
Alvarez. Ramirez Alvarez: 'At first sight it is not so clear just what white
has for his pawn, since his pieces dont look to terribly threatening. Yet a
closer inspection will reveal, that simple threats like Nf5 prove to be too
much for blacks defences.'} Ng6 (12... Bxe2 $2 13. fxe5 $18 {Shirov}) (12...
Ned7 13. Bxg4 Nxg4 14. Nf5 $36 {Shirov}) 13. Bxg4 Nxg4 14. Nf5 {Ramirez
Alvarez: 'Simply nagging at the poor black king.'} Nh4 $2 {Laut Shirov ist
dies bereits der entscheidende Fehler.} (14... O-O {Ramirez Alvarez: 'Gives
white a strong attack, but perhaps should be tried.' war erzwungen. Shirov
gibt einige Varianten an, um zu zeigen, dass auch dann Weiß besser steht:} 15.
Ne4 (15. Rg1 $5 {Ramirez Alvarez} Nf6 16. O-O-O $36) 15... Bxf4 $1 (15... Be7
16. O-O-O $36 Qc8 $8 {Ramirez Alvarez} 17. Nxe7+ Nxe7 18. Rhg1 f5 19. Ng5 {
When whites attacking chances should compensate for the pawn.}) 16. exf4 Qd5
17. Nfg3 (17. h3 Qxf5 18. hxg4 Qxg4 $40) 17... f5 18. h3 Nh6 (18... fxe4 19.
hxg4 e3 20. Bxe3 Rae8 21. Kf2 Rxe3 22. Kxe3 Rxf4 23. Ne4 $18) 19. Ng5 Rae8+ 20.
Kf2 Qd4+ 21. Kf1 Nxf4 22. Nf3 {etc. mit weißem Vorteil}) 15. Nxg7+ {Ramirez
Alvarez: 'Of course. The knight wont get out alive, but blacks king wont
either!'} Kf8 16. O-O-O $1 $18 {Ramirez Alvarez: 'Simple, brings the other
rook into play, and keeps his king safe.'  Mit dem unrochierten König auf f8
kann Schwarz natürlich nicht mehr viel erhoffen. Interessant ist, dass der Ng7
einige Züge ungedeckt bleibt, aber dennoch nicht geschlagen werden kann.} Nf2 {
Ramirez Alvarez: 'Its very hard to suggest anything.'} (16... Kxg7 17. Ne4 {
/\ Bc3} (17. Rhg1 {Ramirez Alvarez} h5 {and here h3 or Ne4 both give white a
winning position.})) (16... Rg8 {Ramirez Alvarez} 17. Nh5 $18 {Its aweful to
suffer for nothing.}) 17. Ne4 Nxd1 {Ramirez Alvarez: 'Sure, the rook on h1 is
much more passive, but white wouldn't be compelled to take back!'} (17... Nxe4
18. Qxe4 Qe7 19. Qd3 Rd8 20. Rhg1 h5 21. Be1 Bc7 22. Bxh4 Qxh4 23. Qc3 $18 {
Shirov}) (17... Nxh1 {Ramirez Alvarez} 18. Bc3 $1 $18 {And black is totally
lost, whites threats are just too much, an example variation:} Be7 19. Rxd8+
Rxd8 20. Ng5 $1 {Black can resign.}) 18. Rxd1 Be7 {Ramirez Alvarez: 'What
else? Bc3 was huge.'} 19. f5 $1 {Ramirez Alvarez: 'Oh yes, another guy into
the attack! The N on g7 is still taboo, and blacks pieces are terribly badly
posted. All of them.'} Qb6 20. f6 $6 {'!' Ramirez Alvarez. Ramirez Alvarez:
'The nicest way to finish this off.'  Macht es komplizierter als nötig.} (20.
Qc3 Rg8 21. f6 $18 {Shirov}) 20... Bb4 21. Bxb4+ Qxb4 22. a3 {Ramirez Alvarez:
'A quite move in mids of the storm! Any place black moves his queen will be
inferior to b4.'} (22. Nc5 $5 $18) 22... Qa5 23. Nc5 h6 $6 (23... Ng6 $5 {
(Shirov) war zäher, aber auch dann steht das Ergebnis der Partie nicht in
Frage.}) 24. Nf5 {Ramirez Alvarez: 'The knights rule the stage here, and the
one on f5 is still taboo! Nd7+ is unstopable, so black can resign.'} Ng6 (24...
Nxf5 {Ramirez Alvarez} 25. Qxf5 {With a quick mate.}) 25. Nd7+ Kg8 26. Ne7+ Kh7
(26... Nxe7 27. Rg1+ $18) 27. Nxg6 fxg6 28. Ne5 {Ramirez Alvarez: 'Mate
follows after Rhg8 Rd7+. A (another?) brilliant attacking game by Shirov'} 1-0

[Event "FIDE-Wch k.o."]
[Site "Tripoli"]
[Date "2004.06.22"]
[Round "2.2"]
[White "Aleksandrov, Aleksej"]
[Black "Nakamura, Hikaru"]
[Result "1/2-1/2"]
[WhiteElo "2668"]
[BlackElo "2580"]
[Annotator "Lutz,C"]
[PlyCount "57"]
[EventDate "2004.06.19"]
[EventType "k.o."]
[EventRounds "7"]
[EventCountry "LBY"]
[SourceTitle "CBM 102"]
[Source "ChessBase"]
[SourceDate "2004.09.23"]
[SourceVersion "1"]
[SourceVersionDate "2004.09.23"]
[SourceQuality "1"]

1. d4 d5 2. c4 c6 3. Nc3 Nf6 4. e3 e6 5. Nf3 Nbd7 6. Qc2 Bd6 7. g4 dxc4 8. Bxc4
e5 $5 9. g5 Nd5 10. Ne4 $6 {Dieser Zug macht keinen überzeugenden Eindruck, da
Schwarz schnell zur Entlastung kommt.} (10. Bd2 {0-1 Radjabov,T-Shirov,A/Leon
2004/CBM 102/[Lutz] (47)}) 10... Bb4+ 11. Bd2 Bxd2+ 12. Qxd2 Qe7 13. a3 (13.
Bxd5 $6 cxd5 14. Nc3 (14. Ng3 e4 15. Nf5 Qf8 16. N3h4 g6) 14... e4 15. Ne5 (15.
Nxd5 $2 Qd6 16. Qa5 b6 $19) 15... Nb6) 13... N7b6 14. Ba2 Bh3 15. Rg1 exd4 16.
Qxd4 O-O-O $36 {Schwarz übernimmt die Initiative.} 17. Ng3 f5 18. gxf6 Nxf6 19.
Qb4 Qd7 20. Ne5 Qc7 21. Nf7 Nbd5 22. Qh4 Bg4 (22... Qxf7 $5 23. Qxh3+ Kb8 $15)
23. Nxd8 Qa5+ 24. b4 (24. Kf1 Qb5+ 25. Kg2 Nxe3+ 26. fxe3 Qxb2+ $19) 24... Qxa3
25. Kf1 Qd3+ $2 {Forciert das Unentschieden, aber es war mehr drin.} (25...
Rxd8 $1 26. Kg2 (26. h3 g5 27. Qxg5 Bxh3+ 28. Ke2 Qb2+ 29. Kf3 Rf8 $19) (26.
Bxd5 Qxa1+ 27. Kg2 Qe5 $19) 26... Nxe3+ 27. fxe3 Rd2+ $19) 26. Kg2 Nxe3+ 27.
fxe3 Qc2+ 28. Kf1 Qd3+ 29. Kg2 1/2-1/2

[Event "Hastings 0001 76th"]
[Site "Hastings"]
[Date "2000.12.31"]
[Round "3"]
[White "Ftacnik, Lubomir"]
[Black "Gormally, Daniel"]
[Result "1-0"]
[WhiteElo "2608"]
[BlackElo "2499"]
[Annotator "Lutz,C"]
[PlyCount "103"]
[EventDate "2000.12.29"]
[EventType "tourn"]
[EventRounds "9"]
[EventCountry "ENG"]
[EventCategory "12"]
[SourceTitle "CBM 081"]
[Source "ChessBase"]
[SourceDate "2001.03.20"]
[SourceVersion "1"]
[SourceVersionDate "2001.03.20"]
[SourceQuality "1"]

1. d4 d5 2. c4 c6 3. Nc3 e6 4. e3 Nf6 5. Nf3 Nbd7 6. Qc2 Bd6 7. Be2 $5 {
Der ältere Zug an dieser Stelle.} (7. Bd3 {wird heutzutage bevorzugt.}) 7...
O-O 8. O-O Qe7 (8... Re8 9. Rd1 Qe7 {ist die genaueste Zugfolge, wenn Schwarz
sich mit ...b7-b6 aufbauen will. Das sofortige} 10. e4 dxe4 11. Nxe4 Nxe4 12.
Qxe4 e5 $1 $11 {bringt Weiß nichts ein, weshalb Weiß in der Regel zu solchen
Zügen wie 10.b3 oder 10.h3 greift, wonach Schwarz dann 10...b6 spielen kann.})
9. Rd1 b6 $6 (9... Re8 $1) 10. e4 dxe4 11. Nxe4 Nxe4 12. Qxe4 Bb7 13. Bf4 $1
$14 {Dieser Abtausch ist für diese Variante charakteristisch. Weiß behält
einen kleinen, aber feinen Vorteil.} Bxf4 14. Qxf4 Nf6 15. Ne5 c5 16. Bf3 {
Betont die Schwäche des Feldes c6.} Bxf3 17. Qxf3 Rac8 18. Rd3 Qc7 19. Qe3 Rfd8
20. Rad1 Nd7 21. Nxd7 $1 Rxd7 22. dxc5 Rxd3 23. Rxd3 bxc5 (23... Qxc5 24. Qxc5
bxc5 25. Rd7 a6 26. Ra7 $16) 24. Qd2 {Weiß hat durch die Kontrolle über die
d-Linie weiterhin die Zügel in der Hand.} h6 25. Rd7 Qe5 26. h3 Rc7 27. Rd8+
Kh7 28. b3 Rb7 29. g3 g6 30. Qd6 Qe1+ 31. Kg2 Qe4+ 32. Kh2 Qf5 33. Qd2 Qe5 34.
Rc8 $5 {Weiß wählt den Übergang in ein vorteilhaftes Damenendspiel. Ich bin
mir allerdings nicht sicher, ob Weiß das Optimum ais seiner Stellung
herausgeholt hat.} Rc7 35. Rxc7 (35. Ra8 Qf5 {, und wie geht es weiter ?} (
35... Qd4 36. Qxd4 cxd4 37. Rd8 $16)) 35... Qxc7 36. b4 cxb4 37. Qxb4 e5 $2 {
Schwächt das Feld d5, was Weiß sogleich ausnutzt.} (37... Kg7 $5 $14 {gefällt
mir besser, um den König schnell heranzuführen. Schwarz sollte dann nicht
verlieren.}) 38. Qb5 Kg7 39. Qd5 $1 $16 {In Damenendspielen ist die
Zentralisierung der Dame von enormer Bedeutung. Weiß verhindert, dass der
schwarze König zum c-Bauern gelangt.} Kf6 40. c5 Ke7 41. Kg2 f6 42. g4 g5 $2 {
Der letzte Fehler. Nun kann der weiße König entlang e4 und f5 ins schwarze
Lager eindringen.} (42... Qd7 $142 43. Qe4 $16) 43. Kf3 Qd7 44. Ke4 Qa4+ 45.
Kf3 Qd7 46. Qxd7+ Kxd7 47. Ke4 Kc6 (47... Ke6 48. a3 a6 49. a4 a5 50. f3 $18)
48. Kf5 Kxc5 49. Kxf6 Kd4 50. Kg6 Ke4 51. Kxh6 Kf4 52. Kg6 1-0

[Event "FIDE-Wch k.o."]
[Site "Tripoli"]
[Date "2004.06.24"]
[Round "3.5"]
[White "Aronian, Levon"]
[Black "Smirnov, Pavel"]
[Result "0-1"]
[WhiteElo "2645"]
[BlackElo "2601"]
[Annotator "Lutz,C"]
[PlyCount "184"]
[EventDate "2004.06.19"]
[EventType "k.o."]
[EventRounds "7"]
[EventCountry "LBY"]
[SourceTitle "CBM 102"]
[Source "ChessBase"]
[SourceDate "2004.09.23"]
[SourceVersion "1"]
[SourceVersionDate "2004.09.23"]
[SourceQuality "1"]

1. d4 d5 2. c4 e6 3. Nf3 Nf6 4. Nc3 c6 5. e3 Nbd7 6. Qc2 Bd6 7. g4 dxc4 8. Bxc4
e5 $5 9. g5 Nd5 10. Bd2 exd4 11. Nxd4 O-O 12. Bxd5 $6 {Nachdem sich Weiß
direkt von seinem Läufer trennt, werden die weißfeldrigen Schwächen in seinem
Lager natürlich besonders deutlich.} (12. Nxd5 {0-1 Radjabov,T-Shirov,A/Leon
2004/CBM 102/[Lutz] (47)}) 12... cxd5 13. O-O-O Ne5 14. f4 Nc4 15. Nxd5 Bg4 16.
Bc3 {Konsequent gespielt, aber Schwarz findet einen Weg, das weiße
Figurenknäuel im Zentrum aufzulösen.} (16. Rdg1 Rc8) 16... Bxd1 17. Rxd1 Nxe3
$1 18. Nxe3 Bxf4 19. Ndf5 Qxg5 20. Kb1 (20. Re1 Rfe8 21. h4 Rxe3 22. Nxe3 Bxe3+
23. Kb1 Qf4 $17) 20... Bxe3 21. h4 Qf4 $17 22. Nxg7 {Weiß hat scheinbar noch
Angriff, aber Smirnov kann durch genaue Züge die weißen Hoffnungen zerschlagen.
} Rfd8 23. Nh5 Rxd1+ 24. Qxd1 Qf5+ 25. Ka1 Bc5 26. a3 Be7 27. Ng3 Qg6 28. Qd4
f6 29. Qd5+ Kf8 30. Nf5 Rd8 31. Qf3 Qg1+ 32. Ka2 Qd1 33. Qf4 Qd5+ 34. Ka1 Qh1+
35. Ka2 Qd5+ 36. Kb1 Qb3 37. Nd4 Qc4 38. Qe4 Rd6 39. h5 Rb6 40. Kc2 Bc5 41. b3
Qf7 42. Qf3 Bxd4 43. Bxd4 Rc6+ 44. Kb2 Qd7 45. Qf4 Qe6 46. a4 Kf7 47. Qf3 Qd6
48. Qe4 Qh2+ 49. Ka3 Qxh5 50. Qd3 Rd6 51. Qe4 Rd7 52. Bxa7 Qh3 53. Bc5 Qd3 54.
Qh4 Rd5 55. Qb4 Kg6 56. Bf8 Qb1 57. Qxb7 Qa1+ 58. Kb4 Rd4+ 59. Ka5 Qe1+ 60. b4
Qe5+ 61. Bc5 h5 62. Qc8 Re4 63. b5 h4 64. Qg8+ Kf5 65. Qc8+ Kg5 66. Qg8+ Kf4
67. Qf8 Qc3+ 68. Kb6 Rxa4 69. Qd6+ Kg5 70. Qd5+ Qe5 71. Be3+ Kg6 72. Qg8+ Kf5
73. Qh7+ Kg4 74. Qg6+ Kf3 75. Bc5 Qe6+ 76. Kc7 Qe5+ 77. Kb6 Re4 78. Qg1 Qe6+
79. Ka5 Qa2+ 80. Kb6 Re6+ 81. Kc7 Qe2 82. Qh1+ Kg4 83. Qg1+ Kh5 84. b6 Qe5+ 85.
Kb7 Qe4+ 86. Ka7 Qa4+ 87. Kb7 Re8 88. Kc7 Qf4+ 89. Kd7 Qe4 90. Qd1+ Kg6 91. Qd6
Rg8 92. Qd2 Qb7+ 0-1